You belong to me
Guardat en:
| Autor principal: | |
|---|---|
| Format: | Llibre |
| Idioma: | anglès |
| Publicat: |
Simon & Schuster
1978
|
| Etiquetes: |
Afegir etiqueta
Sense etiquetes, Sigues el primer a etiquetar aquest registre!
|
MARC
| LEADER | 00000nam a22000007a 4500 | ||
|---|---|---|---|
| 008 | 210122b ||||| |||| 00| 0 eng d | ||
| 020 | |a 0-684-83595-9 | ||
| 100 | |a CLARK, Mary Higgins | ||
| 245 | |a You belong to me |c Mary Higgins Clark |g 317p | ||
| 260 | |b Simon & Schuster |c 1978 |d Books |h New York |i 689262 |l PS3553 .L287C55 |m Women – Crimes against – Fiction |m Serial murderers – Fiction |m Radio talk shows – Fiction |m Cruise ships – Fiction |m New York (N.Y) – Fiction | ||
| 942 | |a lcc |c BK |e Adekanye I. H. |f 22/01/2021 | ||
| 952 | |0 0 |1 0 |2 lcc |4 0 |6 PS3553 L287 C55 |7 0 |9 1462 |a HOL |b HOL |c LP |d 2021-01-22 |l 0 |o PS3553 .L287C55 |p 2021-0259 |r 2021-01-22 00:00:00 |w 2021-01-22 |y BK | ||
| 999 | |c 767 |d 767 | ||